5HLuxD.jpg

KING HENRY VIII SENIOR AND PRIMARY SCHOOL LIBRARY OPAC

The Midnight Gang / (Record no. 540)

000 -LEADER
fixed length control field 01617nam a22002537a 4500
005 - DATE AND TIME OF LATEST TRANSACTION
control field 20190828145604.0
008 - FIXED-LENGTH DATA ELEMENTS--GENERAL INFORMATION
fixed length control field 190821b ||||| |||| 00| 0 eng d
020 ## - INTERNATIONAL STANDARD BOOK NUMBER
International Standard Book Number 9780008164621
020 ## - INTERNATIONAL STANDARD BOOK NUMBER
International Standard Book Number 9780008284930
Qualifying information Box set
040 ## - CATALOGING SOURCE
Transcribing agency KH8
082 ## - DEWEY DECIMAL CLASSIFICATION NUMBER
Classification number FIC WAL
100 ## - MAIN ENTRY--PERSONAL NAME
Personal name Walliams, David
245 ## - TITLE STATEMENT
Title The Midnight Gang /
Statement of responsibility, etc. David Walliams ; illustrated by Tony Ross.
260 ## - PUBLICATION, DISTRIBUTION, ETC.
Place of publication, distribution, etc. London :
Name of publisher, distributor, etc. HarperCollins Children's Books,
Date of publication, distribution, etc. 2018.
300 ## - PHYSICAL DESCRIPTION
Extent 476 pages :
Other physical details illustrations ;
Dimensions 20 cm.
500 ## - GENERAL NOTE
General note First published: 2016.<br/>First published in Great Britain by HarperCollins Children's Books in 2016.<br/>Originally published: 2016.
520 ## - SUMMARY, ETC.
Summary, etc. Welcome to the Midnight Gang! Midnight is the time when all children are fast asleep, except of course for...the Midnight Gang. That is when their adventures are just beginning... When Tom gets hit on the head by a cricket ball, he finds himself at Lord Funt Hospital, and is greeted by a terrifying-looking porter. Things go from bad to worse when he meets the wicked matron in charge of the children's ward... But Tom is about to embark on the most thrilling journey of a lifetime! The Midnight Gang tells an extraordinarily heartwarming and, of course, funny story of five children on a hospital ward - and on a quest for adventure! It is a story of friendship and magic - and of making dreams come true.
650 ## - SUBJECT ADDED ENTRY--TOPICAL TERM
Topical term or geographic name entry element Juvenile Fiction
Form subdivision Action & Adventure
General subdivision General
650 ## - SUBJECT ADDED ENTRY--TOPICAL TERM
Topical term or geographic name entry element Juvenile Fiction
Form subdivision Family
General subdivision General
650 ## - SUBJECT ADDED ENTRY--TOPICAL TERM
Topical term or geographic name entry element Juvenile Fiction
Form subdivision Humorous Stories
650 ## - SUBJECT ADDED ENTRY--TOPICAL TERM
Topical term or geographic name entry element Children's stories.
700 ## - ADDED ENTRY--PERSONAL NAME
Personal name Ross, Tony
Relator term Illustrator
942 ## - ADDED ENTRY ELEMENTS (KOHA)
Source of classification or shelving scheme
Koha item type Books - Fiction
Holdings
Withdrawn status Lost status Source of classification or shelving scheme Damaged status Not for loan Collection code Permanent Location Current Location Shelving location Date acquired Total Checkouts Full call number Barcode Date last seen Date last checked out Price effective from Koha item type
          Fiction KH8 Senior School Library KH8 Senior School Library Fiction 2019-08-21 4 FIC WAL 3KHSL000101302 2025-03-26 2022-09-01 2019-08-21 Books - Fiction

Powered By KH8 IT Dept